000 00256nam a22001097a 4500
082 _a621.381958HAR
100 _aHarry
245 _aIntroduction to microprocessor sytem design
260 _aNew Delhi
_bTata McGraw Hill
_c1979
300 _a192
942 _cBK
999 _c14799
_d14799